000
00314nam a2200121Ia 4500
008
210430s9999 xx 000 0 und d
020
_a
978-969-8535-17-9
082
_a
891 S124J
100
_a
Khaliq Ahmad Siddique
_9
54661
245
_a
Jamal Ul Amsaal
_c
Khaliq Ahmad Siddique
300
_a
445
942
_c
BK
_2
ddc
999
_c
565305
_d
565305